| 000 | 00465nam a2200157 a 4500 | ||
|---|---|---|---|
| 001 | 3703 | ||
| 003 | CDMR | ||
| 005 | 20130918125951.0 | ||
| 008 | 130130s1987||||||||||||||||||||||||||||d | ||
| 020 | _a848587420X | ||
| 040 |
_aCDMR _bcat _cCPC GIRONA |
||
| 100 | 1 |
_aLluch, Ernest _92639 |
|
| 245 | 1 | 4 |
_aUna teoria de l'Empordà _c Ernest Lluch i Martín ; pròleg d'Alfons Romero ; il·lustracions de Josep Ministral |
| 260 |
_c1987 _bFederals _aFigueres |
||
| 942 |
_cMON _2udc |
||
| 999 |
_c3703 _d3703 |
||